000
00282nam a22001337a 4500
008
181023b xxu||||| |||| 00| 0 eng d
020
_a
0814158781
041
_a
eng
080
_a
371
100
_a
46
101
_a
EDU
245
_a
Writing Centers
_c
Olson,G.A
942
_2
udc
_c
BK
999
_c
50705
_d
50705